| 000 | 00591nam a22002057a 4500 | ||
|---|---|---|---|
| 005 | 20260529144018.0 | ||
| 010 | _aENG-148682 | ||
| 020 |
_a9789349042568 _c150.00 |
||
| 035 | _aEN-132214 | ||
| 037 | _bDBAD | ||
| 082 |
_a881 _21 |
||
| 100 |
_aTS Eliot _989235 |
||
| 245 |
_aThe Waste Land/ _cTS Eliot |
||
| 250 | _a1 | ||
| 260 |
_aChandigarh _bThe Browser _c2026 |
||
| 270 |
_bChandigarh _aSCO 14-15, Sector 8-C _e160009 _mservice@thebrowser.org |
||
| 300 |
_a56p. _c20cm(pb) |
||
| 500 | _awith Prufrock, The Hollow Men, and Other Poems | ||
| 942 |
_2ddc _cEN _h881 _mTSE |
||
| 999 |
_c216401 _d216401 |
||